| 000 | 00600am a2200217a 44500 | ||
|---|---|---|---|
| 003 | AR-BaBNM | ||
| 005 | 20251128202820.0 | ||
| 008 | 084019s1974 #AR|||||||||||000 | esp|| | ||
| 040 | _cAR-BaBNM | ||
| 100 | 1 | _aVogliano, Oscar R.C. | |
| 245 | 1 | 0 | _aEl hospital de niños y sus hombres en la historia del país |
| 260 |
_aBuenos Aires _b[s.n.] _c1974 |
||
| 300 | _a18 p. | ||
| 650 | 4 | _aHISTORIA DE BUENOS AIRES | |
| 650 | 4 | _aHISTORIA DE LA MEDICINA | |
| 650 | 4 | _aSIGLO DIECINUEVE | |
| 650 | 4 | _aHISTORIA DE LAS COSTUMBRES | |
| 650 | 4 | _aHISTORIA DE LAS CIENCIAS | |
| 942 | _cBK | ||
| 998 | _cPazienza | ||
| 999 |
_c710 _d710 |
||